| 000 | 02245cam a22004578i 4500 | ||
|---|---|---|---|
| 001 | 21822675 | ||
| 003 | yeezen | ||
| 005 | 20250717160948.0 | ||
| 006 | m |o d | | ||
| 007 | cr ||||||||||| | ||
| 008 | 201112s2021 nyu ob 001 0 eng | ||
| 010 | _a 2020051161 | ||
| 020 |
_a9781626232037 _q(ebook) |
||
| 020 |
_z9781626232020 _q(paperback) |
||
| 035 | _a21822675 | ||
| 040 |
_aDLC _beng _cDLC _erda |
||
| 042 | _apcc | ||
| 050 | 0 | 0 | _aRD768 |
| 060 | 0 | 0 | _aWE727 |
| 082 | 0 | 0 |
_a617.471 _223 |
| 245 | 0 | 0 |
_aInstrumentation for minimally invasive spine surgery / _c[edited by] Kern Singh. |
| 260 | _c2021 | ||
| 263 | _a2101 | ||
| 264 | 1 |
_aNew York : _bThieme, _c2021 |
|
| 300 | _a1 online resource | ||
| 336 |
_atext _btxt _2rdacontent |
||
| 337 |
_acomputer _bc _2rdamedia |
||
| 338 |
_aonline resource _bcr _2rdacarrier |
||
| 504 | _aIncludes bibliographical references and index. | ||
| 520 |
_a"In recent decades, technological innovations in minimally invasive surgery have revolutionized spine surgery. The integration of devices tailored to MIS spine techniques has allowed spine surgeons to tackle more complex spinal pathologies and generate new ways to improve clinical outcomes. Instrumentation for Minimally Invasive Spine Surgery by renowned orthopaedic surgeon Kern Singh and esteemed collaborators provides practical, evidence-based insights into important surgical decisions spine surgeons face every day. The primary goal of this book is to help spine surgeons navigate a daunting number of available devices and leverage the most optimal ones to achieve improved patient outcomes"-- _cProvided by publisher. |
||
| 588 | _aDescription based on print version record and CIP data provided by publisher; resource not viewed. | ||
| 650 | 1 | 2 |
_aSpinal Diseases _xsurgery |
| 650 | 1 | 2 |
_aMinimally Invasive Surgical Procedures _xinstrumentation |
| 650 | 2 | 2 |
_aSpinal Injuries _xsurgery |
| 650 | 2 | 2 |
_aSpine _xsurgery |
| 700 | 1 |
_aSingh, Kern, _eeditor. |
|
| 776 | 0 | 8 |
_iPrint version: _tInstrumentation for minimally invasive spine surgery _dNew York : Thieme, 2021. _z9781626232020 _w(DLC) 2020051160 |
| 906 |
_a7 _bcbc _corignew _d1 _eecip _f20 _gy-gencatlg |
||
| 942 |
_2NLM _cENGLIT |
||
| 999 |
_c7660 _d7660 |
||